Normal view
MARC view
- Strong, Brent. A. Dr
Entry Personal Name
001 - CONTROL NUMBER
- control field: 123009
003 - CONTROL NUMBER IDENTIFIER
- control field: NUST
005 - DATE AND TIME OF LATEST TRANSACTION
- control field: 20240529094940.0
008 - FIXED-LENGTH DATA ELEMENTS
- fixed length control field: 240529|| aca||aabn | a|a d
040 ## - CATALOGING SOURCE
- Original cataloging agency: NUST
- Transcribing agency: NUST
100 ## - HEADING--PERSONAL NAME
- Personal name: Strong, Brent. A. Dr
670 ## - SOURCE DATA FOUND
- Source citation: Work cat.: (NUST): Strong, Brent. A. Dr, Fundamentals Of Composites Manufacturing: Materials, Methods, and Applications, 1989.
